|
|
|
|
| LEADER |
00000cam a2200000 a 4500 |
| 001 |
vtls001073480 |
| 003 |
SK-MaSNL |
| 005 |
20260302063907.0 |
| 008 |
160314s1993 xo ao b 0000j slo |
| 015 |
|
|
|a SNBA1993/12
|
| 020 |
|
|
|a 8085507153
|
| 020 |
|
|
|q (viaz.)
|
| 035 |
|
|
|a SNK000016311
|
| 040 |
|
|
|a SNK
|b slo
|c SNK
|e AACR2
|
| 041 |
0 |
|
|a slo
|
| 044 |
|
|
|a xo
|c SK
|
| 080 |
|
|
|a 885.4-3(087.5)
|2 1981
|
| 100 |
1 |
|
|a Bendová, Krista,
|d 1923-1988
|4 aut
|9 101774
|
| 245 |
0 |
|
|a Opice z našej police
|c Krista Bendová ; ilustrovala Božena Plocháňová
|
| 250 |
|
|
|a 4. vyd.
|
| 260 |
|
|
|a Bratislava
|b Buvik
|c 1993
|e Bratislava
|f Slovenská Grafia, a.s.
|
| 300 |
|
|
|a 165 s.
|b ilustr.
|c 19 cm
|
| 655 |
|
7 |
|a slovenské rozprávky
|2 SNKPH
|9 70528
|
| 655 |
|
7 |
|a autorské rozprávky
|2 SNKPH
|9 70727
|
| 655 |
|
7 |
|a literatúra pre deti
|2 SNKPH
|9 87135
|
| 700 |
1 |
|
|a Plocháňová, Božena,
|d 1929-2020
|4 ill
|9 88102
|
| 700 |
1 |
|
|a Jablonovský, František,
|d 1956-
|4 bjd
|9 104698
|
| 700 |
1 |
|
|a Huszár, Tibor,
|d 1952-2013
|4 pht
|9 101395
|
| 852 |
|
|
|a Slovenská národná knižnica
|
| 919 |
|
|
|a 80-85507-15-3
|
| 958 |
|
|
|a LX
|
| 958 |
|
|
|a TL
|
| 999 |
|
|
|c 1134613
|d 1136543
|
| 952 |
|
|
|t P60, <05>, [BOOK], {605}
|a SNK
|b SNK
|y PREZ
|7 0
|p 17A0038787
|o snkSD 65871 D1
|0 0
|1 0
|4 0
|d 1997-02-17
|l 0
|r 2004-12-31 00:00:00
|w 2026-02-24
|
| 952 |
|
|
|a SNK
|b SNK
|y PREZ
|7 0
|p 17A1045681
|o snkSD 65871
|0 0
|1 0
|4 0
|d 2013-07-18
|l 0
|r 2026-02-24 19:15:07
|w 2026-02-24
|